Antes de Perderte - Duki - Estadísticas

Estadísticas generales
  • Esta prueba ha sido intentada 33 veces
  • La puntuación promedio es 285 de 344
Estadísticas de respuestas
Letra Respuesta % Correcto
a
100%
'e
96%
es
96%
lo
96%
Estribillo Lo
96%
no
96%
pa'
96%
que
96%
se
96%
antes
91%
de
91%
De
91%
El
91%
el
91%
en
91%
la
91%
La
91%
me
91%
Me
91%
nos
91%
perderte
91%
Si
91%
soy
91%
91%
Verso Un
91%
un
91%
Y
91%
y
91%
yo
91%
cada
87%
camino
87%
día
87%
esta
87%
Esto
87%
ma'
87%
87%
mi
87%
separó
87%
ser
87%
te
87%
87%
ti
87%
tuyo
87%
ve'
87%
del
83%
ere'
83%
ese
83%
mía
83%
ni
83%
perdones
83%
uno
83%
acaba
78%
ahora
78%
al
78%
año
78%
banda
78%
cancela
78%
Cupido
78%
después
78%
Estás
78%
fin
78%
fuiste
78%
Fuiste
78%
hacer
78%
muerte
78%
nuestro
78%
para
78%
perdido
78%
por
78%
prometimo'
78%
sería
78%
siempre
78%
sin
78%
solista
78%
suerte
78%
suyo
78%
tengo
78%
tiene
78%
una
78%
viaje
78%
amor
74%
autopista
74%
avión
74%
bajé
74%
mato
74%
sabe'
74%
Tal
74%
verte
74%
vo'
74%
voy
74%
160
70%
algo
70%
artista
70%
corriendo
70%
dijo
70%
entienden
70%
entrevista
70%
Éramo'
70%
esa
70%
hecha
70%
lista
70%
mucho'
70%
prohibido'
70%
acuerdo
65%
anotándolos
65%
eres
65%
había
65%
hacía'
65%
las
65%
lugares
65%
madrugada
65%
nacido
65%
primera
65%
ría
65%
cara
61%
futuro
61%
hacíamo'
61%
lealtad
61%
medio
61%
problema'
61%
problema
61%
realista'
61%
salvo
61%
show
61%
siendo
61%
también
61%
cronista
57%
iba
57%
vida
57%
eligió
52%
llegábamo'
52%
más
52%
pena'
52%
yeah
52%
hiciste
48%
tristeza'
48%
tuve
48%
rompíamo'
43%
vista
43%
club
35%
No se encontraron pruebas coincidentes
Distribución de puntuación
Porcentaje de gente con cada puntuación
Porcentaje por número respondido
Historial de tus puntuaciones
No has intentado esta prueba.